Globálna ekonomika - Medzinárodná ekonomická stratégia po 11. septembri 2001
Salvato in:
| Autore principale: | |
|---|---|
| Natura: | Capitolo di libro |
| Lingua: | slovacco |
| Tags: |
Nessun Tag, puoi essere il primo ad aggiungerne!!
|
MARC
| LEADER | 00000naa$a2200000$$$4500 | ||
|---|---|---|---|
| 001 | 0126349 | ||
| 005 | 20240502072436.0 | ||
| 041 | 0 | |a slo | |
| 044 | |a SK | ||
| 245 | 1 | 0 | |a Globálna ekonomika - Medzinárodná ekonomická stratégia po 11. septembri 2001 |c Víťazoslav Balhar |
| 100 | 1 | |a Balhar, Víťazoslav | |